Finite groups II /

Bibliographic Details
Main Author: Huppert, B. (Bertram), 1927-
Other Authors: Blackburn, N. (Norman), 1930-
Format: Book
Language:English
Published: Berlin ; New York : Springer-Verlag, 1982.
Series:Grundlehren der mathematischen Wissenschaften ; 242.
Subjects:

MARC

Tag First Indicator Second Indicator Subfields
LEADER 00000cam a22000008a 4500
001 in00000073970
005 20151008060119.0
008 810305s1982 wb b 00110 eng
010 |a  81002287  
020 |a 0387106324 
035 |a (OCoLC)07277383 
035 |9 AAJ5126AM 
039 0 |a 2  |b 3  |c 3  |d 3  |e 3 
040 |a DLC  |c DLC  |d TXA  |d UtOrBLW 
049 |a TXAM  |c [1672917] 
050 0 0 |a QA171  |b .B577 
082 0 |a 512/.22  |2 19 
090 |a QA171  |b .H844 
100 1 |a Huppert, B.  |q (Bertram),  |d 1927- 
245 1 0 |a Finite groups II /  |c B. Huppert, N. Blackburn. 
263 |a 8108 
264 1 |a Berlin ;  |a New York :  |b Springer-Verlag,  |c 1982. 
300 |a xiii, 531 pages ;  |c 24 cm. 
336 |a text  |b txt  |2 rdacontent 
337 |a unmediated  |b n  |2 rdamedia 
338 |a volume  |b nc  |2 rdacarrier 
490 1 |a Grundlehren der mathmatischen Wissenschaften ;  |v 242 
500 |a Includes indexes. 
504 |a Bibliography: pages [515]-524. 
650 0 |a Finite groups. 
700 1 |a Blackburn, N.  |q (Norman),  |d 1930- 
830 0 |a Grundlehren der mathematischen Wissenschaften ;  |v 242. 
999 |a MARS 
999 f f |s bc3ec6ae-c081-34d3-896e-f0c299192ca6  |i e14a3bf4-52d7-30cc-8c09-044659ec4efe  |t 0 
952 f f |p normal  |a Texas A&M University  |b College Station  |c Sterling C. Evans Library  |d Evans: Library Stacks  |t 0  |e QA171 .H844  |h Library of Congress classification  |i unmediated -- volume  |m A14806203394 
998 f f |a QA171 .H844  |t 0  |l Evans: Library Stacks